| 000 | 02068cam a22004697i 4500 | ||
|---|---|---|---|
| 999 |
_c13056 _d13056 |
||
| 001 | 18078389 | ||
| 003 | MAJU-Karachi | ||
| 005 | 20210520091929.0 | ||
| 008 | 140324s2016 maua b 001 0 eng d | ||
| 010 | _a 2014936450 | ||
| 020 | _a9781305105423 (Student edition) | ||
| 020 | _a1305105427 | ||
| 035 | _a(OCoLC)ocn884617710 | ||
| 040 |
_aYDXCP _beng _cYDXCP _erda _dBTCTA _dNUI _dOCLCO _dLGG _dOHS _dOCLCF _dUNBCA _dDLC |
||
| 042 | _alccopycat | ||
| 050 | 0 | 0 |
_aRJ499 _b.M296 2016 |
| 060 | 4 | _aWS 350 | |
| 082 | 0 | 0 |
_a618.92/89 _223 |
| 100 | 1 |
_aMash, Eric J., _eauthor. |
|
| 245 | 1 | 0 |
_aAbnormal child psychology / _cEric J. Mash, Oregon Health & Science University and University of Calgary, David A. Wolfe, Centre for Addiction and Mental Health and University of Toronto. |
| 250 | _aSixth edition. | ||
| 300 |
_axxiii, 628 pages : _billustrations (chiefly color) ; _c29 cm. |
||
| 504 | _aIncludes bibliographical references (pages 517-597) and indexes. | ||
| 505 | 0 | _aUnderstanding abnormal child psychology -- Neurodevelopmental disorders -- Behavioral and emotional disorders -- Problems related to physical and mental health. | |
| 650 | 0 | _aChild psychiatry. | |
| 650 | 0 | _aChild psychopathology. | |
| 650 | 0 | _aPsychology, Pathological. | |
| 650 | 2 | _aPsychology, Child. | |
| 650 | 2 | _aPsychopathology. | |
| 650 | 2 | _aChild Psychiatry. | |
| 650 | 7 |
_aChild psychiatry. _2fast |
|
| 650 | 7 |
_aChild psychopathology. _2fast |
|
| 650 | 7 |
_aPsychology, Pathological. _2fast |
|
| 700 | 1 |
_aWolfe, David A. _q(David Allen), _d1951- _eauthor. |
|
| 856 | 4 | 2 |
_3Contributor biographical information _uhttp://www.loc.gov/catdir/enhancements/fy1608/2014936450-b.html |
| 856 | 4 | 2 |
_3Publisher description _uhttp://www.loc.gov/catdir/enhancements/fy1608/2014936450-d.html |
| 856 | 4 | 1 |
_3Table of contents only _uhttp://www.loc.gov/catdir/enhancements/fy1608/2014936450-t.html |
| 906 |
_a7 _bcbc _ccopycat _d2 _encip _f20 _gy-gencatlg |
||
| 942 |
_2ddc _cPSYCHOLOGY |
||